| 000 | 00423nam a22001457a 4500 | ||
|---|---|---|---|
| 082 |
_a621.3 _bMON _cL-9, P-4 |
||
| 100 |
_aMonk, S. Gordon _941197 |
||
| 245 | _aClassified examples in electrical engineering. | ||
| 250 | _a6th ed. | ||
| 260 |
_aLondon _bSir Issac Pitman & Sons, Ltd. _c1949 |
||
| 300 |
_aviii, 205 p. : _bill. : _c4 Cm |
||
| 526 |
_a0 _b0 _c0 _d621_300000000000000_MON |
||
| 650 |
_aMCE _9379 |
||
| 942 |
_2ddc _cBK |
||
| 999 |
_c545368 _d545368 |
||